Ils sont nés un 10 juin - Statistiques

Statistiques générales
  • Ce quiz a été pris 42 fois
  • Le résultat moyen est 2 sur 6
Statistiques - réponses
Réponse % Correct
Chantal Goya
88%
Carlo Ancelotti
70%
François Morel
25%
Vincent Perez
25%
Elizabeth Hurley
18%
Jeanne Tripplehorn
13%
Aucun quiz correspondant
Distribution des résultats
% des personnes avec chaque résultat
Percentile par nombre de réponses
Votre historique - résultats
Vous n’avez pas pris ce quiz